书目信息 |
| 题名: |
名人减肥心理学
|
|
| 作者: | 金明瓒 著 ;李玄 译 | |
| 分册: | ||
| 出版信息: | 南京 译林出版社 2015 |
|
| 页数: | 228页 | |
| 开本: | 21cm | |
| 丛书名: | ||
| 单 册: | ||
| 中图分类: | R151.1 | |
| 科图分类: | ||
| 主题词: | 减肥--应用心理学 | |
| 电子资源: | ||
| ISBN: | 978-7-5447-5283-1 | |
| 000 | 01029nam0 2200241 450 | |
| 001 | 012015000096 | |
| 005 | 20151130092537.53 | |
| 010 | @a978-7-5447-5283-1@dCNY26.80 | |
| 100 | @a20150601d2015 em y0chiy50 ea | |
| 101 | 1 | @achi@ckor |
| 102 | @aCN@b320000 | |
| 105 | @aa z 000yy | |
| 106 | @ar | |
| 200 | 1 | @a名人减肥心理学@Aming ren jian fei xin li xue@f(韩)金明瓒著@g李玄译 |
| 210 | @a南京@c译林出版社@d2015 | |
| 215 | @a228页@c图@d21cm | |
| 330 | @a本书从减肥心理的角度出发,对国外当红明星小甜甜布兰妮、Lady Gaga、珍妮·杰克逊、杰西卡·辛普森、詹妮弗·哈德森、林赛·罗韩、谢丽尔·科尔、奥普拉·温弗瑞、克里斯蒂娜·阿奎莱拉、凯莉·奥斯本、泰雅·班克斯、海蒂·克鲁姆、德鲁·巴里摩尔、碧昂丝·诺斯、阿曼达·塞弗里德等减肥成败和减肥心理学的探讨,书中介绍了大量鲜为人知的有效的减肥策略,阐述了心理学对于减肥的重要性。 | |
| 606 | 0 | @a减肥@x应用心理学 |
| 690 | @aR151.1@v5 | |
| 701 | 0 | @c(韩)@a金明瓒@Ajin ming zan@4著 |
| 702 | 0 | @a李玄@Ali xuan@4译 |
| 801 | 0 | @aCN@b碧洲教育@c20151127 |
| 905 | @a10447@f4@dR151.1@e114 | |
| 名人减肥心理学/(韩)金明瓒著/李玄译.-南京:译林出版社,2015 |
| 228页:图;21cm |
| ISBN 978-7-5447-5283-1:CNY26.80 |
| 本书从减肥心理的角度出发,对国外当红明星小甜甜布兰妮、Lady Gaga、珍妮·杰克逊、杰西卡·辛普森、詹妮弗·哈德森、林赛·罗韩、谢丽尔·科尔、奥普拉·温弗瑞、克里斯蒂娜·阿奎莱拉、凯莉·奥斯本、泰雅·班克斯、海蒂·克鲁姆、德鲁·巴里摩尔、碧昂丝·诺斯、阿曼达·塞弗里德等减肥成败和减肥心理学的探讨,书中介绍了大量鲜为人知的有效的减肥策略,阐述了心理学对于减肥的重要性。 |
| ● |
| 相关链接 |
|
|
|
|
正题名:名人减肥心理学
索取号:R151.1/114
 
预约/预借
| 序号 | 登录号 | 条形码 | 馆藏地/架位号 | 状态 | 备注 |
| 1 | 0871838 | 208718388 | 第二样本阅览室/ [索取号:R151.1/114] | 在馆 | |
| 2 | 0871839 | 208718397 | 第三借阅区/ [索取号:R151.1/114] | 在馆 | |
| 3 | 0871840 | 208718404 | 第三借阅区/ [索取号:R151.1/114] | 在馆 | |
| 4 | 0871841 | 208718413 | 第三借阅区/ [索取号:R151.1/114] | 在馆 |